000 00860cam a2200241 a 4500
001 000005918
005 20200929151835.0
008 900124s1983 sp 001 p spa
020 _a8400055640
040 _aDO-SdBNP
_cDLC
082 _a861.64
_bH816p
100 1 _aHorno Delgado, Asunción,
_d1956-
_916696
245 1 0 _aPrimeros poemas /
_cAsunción Horno Delgado.
260 _aZaragoza, España :
_bInstitución "Fernando el Católico",
_c1983.
300 _a75 p. ;
_c25 cm.
490 1 _aSan Jorge
_vvol. 38
490 1 _aPublicación de la Institución "Fernando el Católico"
_vno. 952
650 4 _aPoesía española
_9631
650 4 _aLiteratura española
_ySILO XXI
_916697
830 0 _aSan Joge
_vvol. 38
_916698
830 0 _aPublicación de la Institución "Fernando el Católico" ;
_vno. 952.
_913716
910 _aCatalogación por copia / LC
999 _c5714
_d5714